• 首页
  • 本馆介绍
  • 公告通知
  • 最新文献
  • 馆藏检索
  • 电子资源
  • 读者导购
  • 参考咨询
  • 我的图书馆
  • 登录
  • 详细信息显示
  • 放入我的书架
  • 预约/预借图书
  • 作者相关作品
  • 分类相关作品
  • 丛书相关作品
  • 出版社相关作品

书目信息

  • 表格格式
  • 工作单格式
  • 卡片格式
题名:
山姆大叔的沃尔玛
    
 
作者: 梁换林 编著
分册:  
出版信息: 长春   吉林出版集团有限责任公司  2014
页数: 182页
开本: 23cm
丛书名:
单 册:
中图分类: K837.125.38=536 , F737.124.2 , K837.125.38
科图分类:
主题词: 连锁超市--商业经营--经验--美国
电子资源:
ISBN: 978-7-5534-4064-4
000 00777nam0 2200253 450
001 2372010974
005 20231110095628.80
010    @a978-7-5534-4064-4@dCNY23.80
100    @a20151101d2014 em y0chiy50 ea
101 0  @achi
102    @aCN@b220000
105    @ay z 000yd
200 1  @a山姆大叔的沃尔玛@Ashan mu da shu de wo er ma@f梁换林编著
210    @a长春@c吉林出版集团有限责任公司@d2014
215    @a182页@d23cm
300    @a和创造世界名牌的人一起放飞梦想
600  0 @a沃尔顿@c(Walton, Sam@f1918-1992)@x生平事迹
606 0  @a连锁超市@x商业经营@x经验@y美国
690    @aK837.125.38=536@v5
690    @aF737.124.2@v5
690    @aK837.125.38@v4
701  0 @a梁换林@Aliang huan lin@4编著
801  0 @aCN@b安徽时代@c20230923
905    @aBZT@dK837.125.38@e47
    
    山姆大叔的沃尔玛/梁换林编著.-长春:吉林出版集团有限责任公司,2014
    182页;23cm
    和创造世界名牌的人一起放飞梦想
    
    ISBN 978-7-5534-4064-4:CNY23.80
    
●
相关链接 在五车中查询图书 在当当中查询图书 在豆瓣中查询图书


正题名:山姆大叔的沃尔玛     索取号:K837.125.38/47         预约/预借

序号 登录号 条形码 馆藏地/架位号 状态 备注
1 2000923945   2000923945   第四书库/四30架B面4层4列/ [索取号:K837.125.38/47] 在馆    
2 2000923946   2000923946   第四书库/四30架B面4层4列/ [索取号:K837.125.38/47] 在馆    
3 2000923947   2000923947   第四书库/四30架B面4层4列/ [索取号:K837.125.38/47] 在馆    
4 2000923948   2000923948   第四书库/四30架B面4层4列/ [索取号:K837.125.38/47] 在馆    
5 2000923949   2000923949   第四书库/四30架B面4层4列/ [索取号:K837.125.38/47] 在馆    
6 2000923950   2000923950   第四书库/四30架B面4层4列/ [索取号:K837.125.38/47] 在馆    
山东省滨州职业学院图书馆 欢迎您!
大连网信软件有限公司© 版权所有